| 000 | 00463nam a2200157Ia 4500 | ||
|---|---|---|---|
| 008 | 210716s2012 xx 000 0 und d | ||
| 020 | _a9788131518267 | ||
| 041 | _aeng | ||
| 082 | _a658 LUSR | ||
| 100 | _aLussier, Robert N. | ||
| 245 |
_aManagement fundamentals: concepts applications skill development. _bConcepts applications skill development. |
||
| 250 | _a5 | ||
| 260 |
_aNew Delhi _bCengage Learning _c2012 |
||
| 300 | _axxv,579 | ||
| 650 | _aMANAGEMENT | ||
| 999 |
_c208108 _d208108 |
||